200 Biggest Cities in Canada on a Map - Statistics

General Stats
  • This quiz has been taken 72 times
  • The average score is 75 of 200
Answers on the Map
Answers color-coded by a green-red scale on the quiz's map according to % correct below.
 
Answer Stats
Province Population Answer % Correct
Ontario 3,271,830 Toronto
98%
Alberta 1,612,834 Calgary
94%
Québec 1,915,366 Montréal
94%
Ontario 1,188,114 Ottawa
94%
British Columbia 740,454 Vancouver
94%
Alberta 1,238,295 Edmonton
92%
Manitoba 850,260 Winnipeg
92%
Nova Scotia 516,822 Halifax
90%
Ontario 494,785 London
90%
Saskatchewan 318,067 Saskatoon
90%
Québec 592,658 Québec City
88%
Northwest Territories 22,858 Yellowknife
88%
Ontario 640,465 Hamilton
84%
Ontario 117,671 Thunder Bay
84%
New Brunswick 79,371 Saint John
82%
Newfoundland and Labrador 128,693 St. Johns
82%
British Columbia 103,888 Victoria
82%
Yukon 34,129 Whitehorse
82%
Ontario 323,917 Kitchener
80%
Ontario 113,983 Niagara Falls
80%
Québec 461,509 Laval
78%
Ontario 269,614 Windsor
78%
Québec 306,105 Gatineau
76%
Ontario 149,527 Kingston
76%
Ontario 764,597 Mississauga
76%
Saskatchewan 263,419 Regina
76%
Québec 149,934 Trois-Rivières
76%
New Brunswick 74,655 Fredericton
73%
British Columbia 108,793 Kamloops
71%
Alberta 68,714 Medicine Hat
71%
British Columbia 167,654 Kelowna
69%
New Brunswick 102,378 Moncton
69%
Alberta 115,409 Red Deer
69%
Ontario 81,182 Sault Ste Marie
69%
British Columbia 703,531 Surrey
69%
Prince Edward Island 48,118 Charlottetown
67%
Ontario 188,504 Greater Sudbury
67%
Ontario 174,469 Barrie
65%
British Columbia 111,845 Nanaimo
65%
British Columbia 239,584 Richmond
65%
Ontario 358,535 Vaughan
65%
British Columbia 175,358 Abbotsford
63%
Ontario 213,592 Oshawa
63%
Ontario 777,759 Brampton
61%
Ontario 160,760 Guelph
61%
British Columbia 85,944 Prince George
61%
Québec 184,135 Sherbrooke
59%
Manitoba 59,444 Brandon
57%
British Columbia 299,682 Burnaby
57%
Alberta 113,671 Lethbridge
57%
Ontario 371,504 Markham
57%
Ontario 142,450 Waterloo
57%
Saskatchewan 36,337 Moose Jaw
55%
Ontario 97,834 Peterborough
55%
Québec 151,972 Saguenay
55%
Ontario 153,865 St Catharines
55%
Ontario 141,111 Ajax
53%
Québec 268,530 Longueuil
53%
British Columbia 164,649 North Vancouver
53%
Ontario 80,539 Sarnia
53%
Ontario 45,565 Brant
49%
Ontario 165,354 Cambridge
49%
Ontario 112,716 Chatham Kent
49%
Ontario 243,107 Oakville
49%
Ontario 222,031 Richmond Hill
49%
Ontario 123,521 Brantford
47%
British Columbia 199,329 Langley
47%
Québec 160,882 Lévis
47%
Ontario 62,062 North Bay
47%
Saskatchewan 40,728 Prince Albert
47%
Ontario 45,569 Timmins
47%
Ontario 197,737 Burlington
45%
British Columbia 173,599 Coquitlam
45%
Alberta 92,544 Airdrie
43%
Ontario 62,914 Belleville
39%
Nova Scotia 106,752 Cape Breton
39%
British Columbia 105,520 Chilliwack
39%
Alberta 71,160 Grande Prairie
39%
Ontario 157,345 Milton
39%
Ontario 95,763 Newmarket
39%
Ontario 24,075 Owen Sound
39%
British Columbia 67,724 Port Coquitlam
39%
British Columbia 126,011 Saanich
39%
British Columbia 124,670 Delta
37%
British Columbia 92,124 New Westminster
37%
Ontario 118,378 Pickering
37%
Québec 126,872 Terrebonne
37%
Ontario 54,346 Cornwall
35%
Québec 85,560 Drummondville
35%
British Columbia 105,925 Maple Ridge
35%
British Columbia 39,068 Penticton
35%
Québec 51,756 Rimouski
35%
Ontario 66,480 Welland
35%
Ontario 162,413 Whitby
35%
Ontario 36,097 Stratford
33%
British Columbia 49,527 Vernon
33%
British Columbia 40,274 West Kelowna
33%
British Columbia 24,383 Fort St. John
31%
British Columbia 47,280 Mission
31%
Ontario 67,385 Aurora
29%
Ontario 37,735 Orillia
29%
Québec 24,483 Sept-Îles
29%
Québec 33,353 Val-d'Or
29%
Alberta 81,611 Wood Buffalo
29%
Ontario 55,572 Woodstock
29%
Québec 97,597 Brossard
27%
British Columbia 38,285 Port Moody
27%
Québec 100,806 Saint-Jean-sur-Richelieu
27%
Québec 85,160 Saint-Jérôme
27%
Alberta 74,621 St. Albert
27%
Ontario 28,366 Collingwood
24%
British Columbia 32,869 Courtenay
24%
Québec 72,180 Granby
24%
British Columbia 25,057 White Rock
24%
Ontario 23,720 Brockville
22%
British Columbia 38,300 Campbell River
22%
Alberta 39,397 Cochrane
22%
Alberta 30,575 Fort Saskatchewan
22%
Ontario 31,478 Grimsby
22%
Ontario 68,265 Halton Hills
22%
Québec 43,270 Rouyn-Noranda
22%
Québec 60,874 Saint-Hyacinthe
22%
Québec 51,739 Shawinigan
22%
Ontario 25,554 Tecumseh
22%
Ontario 90,201 Caledon
20%
Ontario 37,226 Fort Erie
20%
Nova Scotia 26,862 Lunenburg
20%
Québec 33,881 Saint-Georges
20%
British Columbia 22,703 Cranbrook
18%
Ontario 23,872 Essex
18%
Ontario 53,630 Georgina
18%
Ontario 50,686 Innisfil
18%
British Columbia 59,664 Langford
18%
Alberta 39,966 Leduc
18%
Québec 68,471 Mirabel
18%
Alberta 33,482 Okotoks
18%
Ontario 50,385 Quinte West
18%
Québec 91,290 Repentigny
18%
Ontario 49,388 St Thomas
18%
Québec 49,863 Victoriaville
18%
Québec 30,659 Alma
16%
Québec 61,739 Blainville
16%
Québec 53,508 Châteauguay
16%
Newfoundland and Labrador 29,725 Conception Bay South
16%
New Brunswick 35,986 Dieppe
16%
Ontario 23,948 Huntsville
16%
Québec 22,408 Joliette
16%
Ontario 33,070 Orangeville
16%
Québec 36,537 Sorel-Tracy
16%
Alberta 44,575 Spruce Grove
16%
Québec 41,910 Boucherville
14%
Québec 31,870 Chambly
14%
Québec 50,246 Dollard-des-Ormeaux
14%
Ontario 25,302 Kingsville
14%
Ontario 27,544 Prince Edward County
14%
Québec 47,002 Salaberry-de-Valleyfield
14%
Ontario 27,509 Amherstburg
12%
Québec 25,240 Beloeil
12%
Alberta 31,671 Chestermere
12%
Ontario 22,529 Cobourg
12%
Québec 27,159 La Prairie
12%
Québec 30,764 Magog
12%
Ontario 75,618 Norfolk County
12%
New Brunswick 22,614 Riverview
12%
Québec 47,562 Saint-Eustache
12%
Québec 27,155 Thetford Mines
12%
Ontario 33,844 Thorold
12%
Ontario 28,736 Wasaga Beach
12%
Ontario 58,010 Whitchurch - Stouffville
12%
Alberta 26,305 Beaumont
10%
Québec 29,830 Boisbriand
10%
Ontario 51,346 Bradford West Gwillimbury
10%
Ontario 42,989 East Gwillimbury
10%
Ontario 45,954 Lakeshore
10%
Ontario 36,452 LaSalle
10%
Ontario 50,739 New Tecumseth
10%
Newfoundland and Labrador 26,155 Paradise
10%
Québec 32,124 Saint-Constant
10%
Manitoba 21,671 Steinbach
10%
Québec 46,413 Vaudreuil-Dorion
10%
Québec 24,920 Candiac
8%
Ontario 56,059 Haldimand County
8%
Québec 25,126 L'Assomption
8%
Ontario 28,356 Lincoln
8%
Québec 56,897 Mascouche
8%
Québec 22,821 Mont-Royal
8%
Newfoundland and Labrador 24,266 Mount Pearl
8%
Québec 37,437 Pointe-Claire
8%
Ontario 21,921 Port Colborne
8%
Québec 26,786 Saint-Bruno-de-Montarville
8%
Québec 27,253 Sainte-Thérèse
8%
Québec 23,355 Saint-Lambert
8%
Québec 21,490 Varennes
8%
Ontario 30,375 Clarence-Rockland
6%
Québec 37,901 Côte-Saint-Luc
6%
Québec 30,981 Sainte-Julie
6%
Québec 21,949 Sainte-Marthe-sur-le-Lac
6%
Québec 26,673 Saint-Lin-Laurentides
6%
British Columbia 22,794 Colwood
4%
Québec 22,895 Saint-Lazare
4%
No matching quizzes found
Score Distribution
Percent of People with Each Score
Percentile by Number Answered
Your Score History
You have not taken this quiz